Le bonhomme Lenin / (Record no. 133685)

MARC details
000 -LEADER
campo de control de longitud fija 00725nam a2200229 i 4500
001 - NÚMERO DE CONTROL
campo de control 133685
003 - IDENTIFICADOR DE NÚMERO DE CONTROL
campo de control ES-MaACL
005 - FECHA Y HORA DE LA ÚLTIMA TRANSACCIÓN
campo de control 20240223093200.0
007 - CAMPO FIJO DE DESCRIPCIÓN FÍSICA--INFORMACIÓN GENERAL
campo de control de longitud fija t|
008 - DATOS DE LONGITUD FIJA--INFORMACIÓN GENERAL
campo de control de longitud fija 070824s1932 fr ||||1| fre d
100 1# - ENTRADA PRINCIPAL--NOMBRE DE PERSONA
Nombre de persona Malaparte, Curzio.
9 (RLIN) 75687
245 13 - MENCIÓN DEL TÍTULO
Título Le bonhomme Lenin /
Mención de responsabilidad, etc. por Curzio Malaparte [seud.] ; [traduit de l'italien par Juliette Bertrand].
250 ## - MENCION DE EDICION
Mención de edición 3ª ed.
260 ## - PUBLICACIÓN, DISTRIBUCIÓN, ETC.
Lugar de publicación, distribución, etc. Paris :
Nombre del editor, distribuidor, etc. Bernard Grasset,
Fecha de publicación, distribución, etc. 1932 (
Fabricante Mayenne Floch)
300 ## - DESCRIPCIÓN FÍSICA
Extensión XIII, 386 p., 1 lám. retr. ;
Dimensiones 19 cm.
490 1# - MENCIÓN DE SERIE
Mención de serie Les ecrits
600 14 - PUNTO DE ACCESO ADICIONAL DE MATERIA--NOMBRE DE PERSONA
Nombre de persona Lenin, Vladimir Il'ich,
Fechas asociadas al nombre 1870-1924
9 (RLIN) 71523
700 1# - ENTRADA AGREGADA--NOMBRE PERSONAL
Nombre de persona Bertrand, Juliette.
9 (RLIN) 28531
830 1# - PUNTO DE ACCESO ADICIONAL DE SERIE-TÍTULO UNIFORME
Título uniforme Les ecrits
9 (RLIN) 186953
852 ## - LOCALIZACIÓN
Ubicación ES-MaACL
Número de control de estantería A-1278
Holdings
Estatus retirado Estado de pérdida Estado de daño No para préstamo Biblioteca de origen Biblioteca actual Ubicación en estantería Fecha de adquisición Fuente de adquisición Total de préstamos Signatura topográfica completa Código de barras Visto por última vez Precio de reemplazo Tipo de ítem Koha
        Biblioteca del Ateneo de Madrid Biblioteca del Ateneo de Madrid Sala Pecera Planta 1 17/01/2008     A-1278 1139166 23/02/2023 23/02/2023 Libro impreso